The book of Leviticus / (Record no. 5265)

MARC details
000 -LEADER
fixed length control field 00982pam a2200277 i 4500
001 - CONTROL NUMBER
control field 4591562
003 - CONTROL NUMBER IDENTIFIER
control field AUA.1
005 - DATE AND TIME OF LATEST TRANSACTION
control field 20250327123704.0
008 - FIXED-LENGTH DATA ELEMENTS--GENERAL INFORMATION
fixed length control field 790108s1979 miu b 001 0 eng
010 ## - LIBRARY OF CONGRESS CONTROL NUMBER
LC control number 79000099
020 ## - INTERNATIONAL STANDARD BOOK NUMBER
International Standard Book Number 080282353X
040 ## - CATALOGING SOURCE
Original cataloging agency DLC
Transcribing agency DLC
Modifying agency EXN
050 ## - LIBRARY OF CONGRESS CALL NUMBER
Classification number BS1253.3
Item number .W46 1979
082 ## - DEWEY DECIMAL CLASSIFICATION NUMBER
Classification number 222/.13/077
090 ## - LOCALLY ASSIGNED LC-TYPE CALL NUMBER (OCLC); LOCAL CALL NUMBER (OCLC)
Classification number (OCLC) (R) ; Classification number, CALL (RLIN) (NR) BS 1151.2
Local cutter number (OCLC) ; Book number/undivided call number, CALL (RLIN) .N48 v.3 1979
100 ## - MAIN ENTRY--PERSONAL NAME
Personal name Wenham, Gordon J.
9 (RLIN) 18219
130 0# - MAIN ENTRY--UNIFORM TITLE
Uniform title Bible.
Name of part/section of a work O.T.
-- Leviticus.
Version Wenham.
Date of a work 1979.
9 (RLIN) 18220
245 14 - TITLE STATEMENT
Title The book of Leviticus /
Statement of responsibility, etc by Gordon J. Wenham.
260 ## - PUBLICATION, DISTRIBUTION, ETC. (IMPRINT)
Place of publication, distribution, etc Grand Rapids, Mich. :
Name of publisher, distributor, etc W. B. Eerdmans,
Date of publication, distribution, etc c1979.
300 ## - PHYSICAL DESCRIPTION
Extent xiii, 362 p. ;
Dimensions 22 cm.
490 1# - SERIES STATEMENT
Series statement The New international commentary on the Old Testament ;
Volume number/sequential designation v.3.
504 ## - BIBLIOGRAPHY, ETC. NOTE
Bibliography, etc Includes bibliographical references and indexes.
630 00 - SUBJECT ADDED ENTRY--UNIFORM TITLE
Uniform title Bible.
Name of part/section of a work O.T.
-- Leviticus
General subdivision Commentaries.
9 (RLIN) 18221
830 #0 - SERIES ADDED ENTRY--UNIFORM TITLE
Uniform title New international commentary on the Old Testament ;
Volume number/sequential designation v.3.
9 (RLIN) 18223
942 ## - ADDED ENTRY ELEMENTS (KOHA)
Source of classification or shelving scheme Library of Congress Classification
Koha item type Reference Book
Classification part BS 1253.3
Item part .W46 1979
Holdings
Withdrawn status Lost status Source of classification or shelving scheme Damaged status Not for loan Collection code Home library Current library Shelving location Date acquired Source of acquisition Cost, normal purchase price Serial Enumeration / chronology Total Checkouts Full call number Barcode Date last seen Date checked out Cost, replacement price Price effective from Koha item type
    Library of Congress Classification     Reference Shelves Judith Thomas Library Judith Thomas Library Reference Books 21/12/2011 Donation, Biblical Research Institute 25.00 AUA006245 2 BS 1253.3 .W46 1979 AUA006245 20/02/2020 19/02/2020 25.00 21/12/2011 Reference Book